Connor Blake

I prefer really not to speak. If I speak I’m in big trouble


Categories

Science - Physics1300455496.2503
Science - Biology03003086103.0000
Social Science02002094107.5000
Geography1000154141.0000
Philosophy010110131131.0000
Fine Arts - Other Fine Arts010010141141.0000
Fine Arts - Visual Fine Arts010010144144.0001
Fine Arts - Classical Music and Opera000000.0000

Buzzes

GeographyRio Grande1541
Science - Physicstemperature1554
Science - Physicsmagnetic reconnection1077
Science - Biologysubstantia nigra1086
Science - Biologyguard cells1091
Social Sciencefinancial portfolio1094
Science - Physicsprojection operators1098
Social Scienceentrepreneurs10121
Philosophyoppression10131
Science - Biologycilia10132